Normal view
MARC view
- Essam Hakim Ali Dogar
Entry Personal Name
001 - CONTROL NUMBER
- control field: 71979
003 - CONTROL NUMBER IDENTIFIER
- control field: NUST
005 - DATE AND TIME OF LATEST TRANSACTION
- control field: 20210628204725.0
008 - FIXED-LENGTH DATA ELEMENTS
- fixed length control field: 210628|| aca||aabn | a|a d
040 ## - CATALOGING SOURCE
- Original cataloging agency: NUST
- Transcribing agency: NUST
100 ## - HEADING--PERSONAL NAME
- Personal name: Essam Hakim Ali Dogar
670 ## - SOURCE DATA FOUND
- Source citation: Work cat.: (NUST): Essam Hakim Ali Dogar , PR-SOF-1689-INDIGENOUS DEVELOPMENT OF ROBOTIC ARM USING 3D PRINTING FOR APPLICATION SUCH AS IN FIELD CROP MONITORING, 2018
